[Event "Olympiad Women-42"]
[Site "Baku"]
[Date "2016.09.12"]
[Round "10.2"]
[White "Clementson, Jessica"]
[Black "Cumberbatch, Gabriella"]
[Result "0-1"]
[WhiteElo "1233"]
[BlackElo "1312"]
[PlyCount "58"]
[EventDate "2016.09.02"]
[EventType "team-swiss"]
[EventRounds "11"]
[EventCountry "AZE"]
[SourceTitle "CBM 174 Extra"]
[Source "ChessBase"]
[SourceDate "2016.10.10"]
[SourceVersion "1"]
[SourceVersionDate "2016.10.10"]
[SourceQuality "1"]
[WhiteTeam "Guyana (W)"]
[BlackTeam "Barbados (W)"]
[WhiteTeamCountry "GUY"]
[BlackTeamCountry "BAR"]

1. e4 d5 2. exd5 Qxd5 3. Nc3 Qd6 4. Nf3 Nf6 5. d4 g6 6. h3 Bg7 7. Be3 a6 8. Qd2 b6 9. Bh6 0-0 10. Bxg7 Kxg7 11. 0-0-0 Bb7 12. Be2 e6 13. Rhg1 Nbd7 14. g4 b5 15. g5 Ne4 16. Nxe4 Bxe4 17. Qe3 Bd5 18. Kb1 b4 19. Ne5 f6 20. Nxd7 Qxd7 21. gxf6+ Rxf6 22. b3 a5 23. h4 a4 24. h5 axb3 25. cxb3 Qc6 26. Rg3 Be4+ 27. Bd3 Bxd3+ 28. Qxd3 Rxf2 29. h6+ Kf7 0-1

[Event "Olympiad Women-42"]
[Site "Baku"]
[Date "2016.09.11"]
[Round "9.2"]
[White "Clementson, Jessica"]
[Black "Vukikomoala, Hilda"]
[Result "1/2-1/2"]
[WhiteElo "1233"]
[BlackElo "1455"]
[PlyCount "116"]
[EventDate "2016.09.02"]
[EventType "team-swiss"]
[EventRounds "11"]
[EventCountry "AZE"]
[SourceTitle "CBM 174 Extra"]
[Source "ChessBase"]
[SourceDate "2016.10.10"]
[SourceVersion "1"]
[SourceVersionDate "2016.10.10"]
[SourceQuality "1"]
[WhiteTeam "Guyana (W)"]
[BlackTeam "Fiji (W)"]
[WhiteTeamCountry "GUY"]
[BlackTeamCountry "FIJ"]

1. e4 e5 2. Nf3 Nc6 3. Bc4 d6 4. h3 Be7 5. d3 Nf6 6. Bg5 0-0 7. 0-0 Na5 8. Bb3 Nxb3 9. axb3 Be6 10. Nc3 a6 11. Nd2 h6 12. Bh4 Nh7 13. Bxe7 Qxe7 14. f4 exf4 15. Rxf4 Ng5 16. Kh2 Rad8 17. h4 Nh7 18. Qh5 Nf6 19. Qf3 c6 20. Rf1 Nd7 21. Ne2 Ne5 22. Qg3 Ng6 23. R4f2 Qxh4+ 24. Qxh4 Nxh4 25. Nf4 Ng6 26. Nxe6 fxe6 27. Rxf8+ Rxf8 28. Rxf8+ Kxf8 29. Kg3 Kf7 30. Nc4 d5 31. exd5 exd5 32. Nd6+ Ke7 33. Nxb7 Kf6 34. Nc5 Ne5 35. d4 Nf7 36. Nxa6 Kf5 37. Nb8 Nd8 38. c4 Ke4 39. cxd5 cxd5 40. Na6 Kxd4 41. Kf3 Nc6 42. Ke2 h5 43. Nc7 Ke4 44. Ne8 g6 45. Kd2 Kd4 46. Nd6 Nb4 47. Nb5+ Kc5 48. Na3 Nc6 49. Nc2 Na5 50. b4+ Kb5 51. bxa5 Kxa5 52. Kd3 Ka4 53. Kc3 g5 54. Ne3 d4+ 55. Kxd4 Kb3 56. Nf5 Kxb2 57. g3 h4 58. gxh4 gxh4 1/2-1/2

[Event "Olympiad Women-42"]
[Site "Baku"]
[Date "2016.09.10"]
[Round "8.2"]
[White "Hamoonga, Linda Banti"]
[Black "Clementson, Jessica"]
[Result "1-0"]
[WhiteElo "1783"]
[BlackElo "1233"]
[PlyCount "108"]
[EventDate "2016.09.02"]
[EventType "team-swiss"]
[EventRounds "11"]
[EventCountry "AZE"]
[SourceTitle "CBM 174 Extra"]
[Source "ChessBase"]
[SourceDate "2016.10.10"]
[SourceVersion "1"]
[SourceVersionDate "2016.10.10"]
[SourceQuality "1"]
[WhiteTeam "Zambia (W)"]
[BlackTeam "Guyana (W)"]
[WhiteTeamCountry "ZAM"]
[BlackTeamCountry "GUY"]

1. d4 d5 2. c4 e6 3. Nc3 Nf6 4. Nf3 Be7 5. Bf4 0-0 6. e3 b6 7. Be2 dxc4 8. Bxc4 Bb7 9. 0-0 Nbd7 10. h3 Rc8 11. Qe2 c5 12. Ba6 Bxa6 13. Qxa6 Ra8 14. Nb5 Nd5 15. Bg3 Nb4 16. Qb7 a6 17. Na7 Nf6 18. a3 Nbd5 19. Nc6 Qe8 20. Nxe7+ Qxe7 21. Qxe7 Nxe7 22. dxc5 bxc5 23. Bd6 Rfe8 24. Bxc5 Rac8 25. Rac1 Ned5 26. b4 Ne4 27. Bd4 h6 28. Ne5 Nec3 29. Bxc3 Nxc3 30. Rc2 f6 31. Nd3 Ne4 32. Rfc1 Rxc2 33. Rxc2 e5 34. Kf1 Rd8 35. Ke2 Kh7 36. Nc5 Nxc5 37. Rxc5 Rd6 38. f3 Kg6 39. a4 h5 40. b5 axb5 41. axb5 Rb6 42. e4 Kf7 43. Kd3 Ke8 44. Kc4 Kd7 45. Rd5+ Kc7 46. Kc5 Re6 47. Rd2 h4 48. Ra2 Kb7 49. Ra6 Re8 50. Rc6 Rd8 51. b6 Rd7 52. Re6 Rf7 53. Re8 g5 54. Re6 Kc8 1-0

[Event "Olympiad Women-42"]
[Site "Baku"]
[Date "2016.09.08"]
[Round "6.2"]
[White "Shih, Ching An"]
[Black "Clementson, Jessica"]
[Result "1-0"]
[WhiteElo "1460"]
[BlackElo "1233"]
[PlyCount "103"]
[EventDate "2016.09.02"]
[EventType "team-swiss"]
[EventRounds "11"]
[EventCountry "AZE"]
[SourceTitle "CBM 174 Extra"]
[Source "ChessBase"]
[SourceDate "2016.10.10"]
[SourceVersion "1"]
[SourceVersionDate "2016.10.10"]
[SourceQuality "1"]
[WhiteTeam "Chinese Taipei (W)"]
[BlackTeam "Guyana (W)"]
[WhiteTeamCountry "TPE"]
[BlackTeamCountry "GUY"]

1. e4 e5 2. Nf3 Nc6 3. Bb5 Nf6 4. d3 d6 5. h3 Be7 6. Nc3 0-0 7. 0-0 Be6 8. Re1 a6 9. Ba4 h6 10. Bd2 Nd7 11. Bb3 Bxb3 12. axb3 f5 13. exf5 Rxf5 14. Nd5 Rf8 15. Qe2 Nb6 16. Nxe7+ Qxe7 17. d4 Rae8 18. dxe5 dxe5 19. Bc3 e4 20. Nd2 e3 21. Qxe3 Qxe3 22. Rxe3 Rxe3 23. fxe3 Nd5 24. Bd4 Nxd4 25. exd4 Nb4 26. Rc1 Rf4 27. Nf3 Re4 28. c3 Nd3 29. Rc2 Ne1 30. Nxe1 Rxe1+ 31. Kf2 Re7 32. b4 b5 33. Re2 Kf7 34. Rxe7+ Kxe7 35. Ke3 Ke6 36. Ke4 c6 37. b3 g6 38. c4 Kd6 39. g3 h5 40. Kf4 Ke6 41. Kg5 Kf7 42. d5 cxd5 43. cxd5 Kg7 44. d6 Kf7 45. d7 Ke7 46. Kxg6 Kxd7 47. Kxh5 Ke7 48. g4 Kf7 49. g5 Kg7 50. g6 Kg8 51. Kg5 Kg7 52. h4 1-0